Normal view
MARC view
- PASCAL LANGUAGE COMPUTER SOFTWARE DEVELOPMENT COMPUTER GRAPHICS
Entry Topical Term
001 - CONTROL NUMBER
- control field: 77420
003 - CONTROL NUMBER IDENTIFIER
- control field: NUST
005 - DATE AND TIME OF LATEST TRANSACTION
- control field: 20210628205909.0
008 - FIXED-LENGTH DATA ELEMENTS
- fixed length control field: 210628|| aca||aabn | a|a d
040 ## - CATALOGING SOURCE
- Original cataloging agency: NUST
- Transcribing agency: NUST
150 ## - HEADING--TOPICAL TERM
- Topical term or geographic name entry element: PASCAL LANGUAGE COMPUTER SOFTWARE DEVELOPMENT COMPUTER GRAPHICS
670 ## - SOURCE DATA FOUND
- Source citation: Work cat.: (NUST): Rankin, John.R 77419, Computer graphics software construction using the pascal language, 1989
